Fetters of injustice : Report of an ecumenical consultation on ecumenical assistance to development...
Zapisane w:
| 1. autor: | |
|---|---|
| Format: | Książka |
| Język: | Undetermined |
| Wydane: |
Geneva
World Council of Churches
1970
|
| Hasła przedmiotowe: | |
| Etykiety: |
Dodaj etykietę
Nie ma etykietki, Dołącz pierwszą etykiete!
|
| Thư viện lưu trữ: | Trung tâm Học liệu Trường Đại học Cần Thơ |
|---|
| LEADER | 00623nam a2200205Ia 4500 | ||
|---|---|---|---|
| 001 | CTU_83100 | ||
| 008 | 210402s9999 xx 000 0 und d | ||
| 082 | |a 261.8 | ||
| 082 | |b G885 | ||
| 100 | |a Gruber, Pamela H. | ||
| 245 | 0 | |a Fetters of injustice : | |
| 245 | 0 | |b Report of an ecumenical consultation on ecumenical assistance to development... | |
| 245 | 0 | |c Pamela H. Gruber | |
| 260 | |a Geneva | ||
| 260 | |b World Council of Churches | ||
| 260 | |c 1970 | ||
| 650 | |a Christianity | ||
| 650 | |x Developing countries,Congresses | ||
| 904 | |i QHieu(sửa) | ||
| 980 | |a Trung tâm Học liệu Trường Đại học Cần Thơ | ||